1096 1002 1819 1345 1599 1383 1048 1092 1661 1851 1003 1568 1123 1903 1110 1523 1563 1912 1494 1938 1600 1996 1628 1229 1047 1408 1917 1615 1215 1370 1999 1533 1419 1942 1702 1006 1200 1950 1090 1117 1259 1188 1501 1216 1322 1041 1480 1881 1020 1813 1702 1023 1822 1730 1152 1050 1372 1588 1042 1589 1391 1684 1206 1771 1387 1948 1403 1991 1945 1137 1568 1508 1426 1814 1900 1834 1033 1162 1082 1466 1516 1558 1385 1143 1270 1425 1468 1779 1028 1362 1996 1218 1714 1269 1313 1265 1149 1749 1372 BCNSPRNW ULIB Ver.6.0+V

เปลี่ยนเป็นภาษาไทย

Change to English
 แสดงรายละเอียดบรรณานุกรม
  กลับหน้าหลัก

Brief Record : Get Marc (ISO 2709) : E-mail record : QR code < ปิดหน้าต่าง
LEADER : 00000nam 2200000uu 4500
001    13399110785
003     ULIB
008    110609s2552||||th 000 0 tha d
020    9789744140937
041 1  tha^heng
050  4 BJ1533.F8^bฮ162ศ 2552
100 1  ฮอร์ชอร์, โรเจอร์
245 10 ศิลปะการผูกมิตรพิชิตใจคน =^bThe art of friendship /^cRogerHorchow & Sally Horchow ; ผู้แปล, ทวีรัตน์ จิรดิลก ; ผู้เรียบเรียง, ธนิกานต์ มาฆะศิรานนท์
246 31 Art of friendship
260    กรุงเทพฯ :^bดีไลท์พับลิชชิ่ง,^c2552
300    147 หน้า ;^c21 ซม.
650  7 มิตรภาพ
700 1  ฮอร์ชอร์, แซลลี่
700 0  ทวีรัตน์ จิรดิลก,^eผู้แปล
700 0  ธนิกานต์ มาฆะศิรานนท์
700 12 Horchow, Roger.^tThe art of friendship
700 12 Horchow, Sally.^tThe art of friendship
945    ^p150^l0^i18264
995    กัณชพร
999    ^aใช้งานได้ทุกระบบ
รายการนี้ยังไม่มีแท็ก
คุณยังไม่ได้ล็อกอิน คุณสามารถมีกิจกรรมร่วมกับเว็บไซต์ได้ แต่ต้องล็อกอินก่อน ::
  ล็อกอิน

รายการสื่อสารสนเทศ

ลำดับที่ ประเภท เลขเรียก/บาร์โค้ด สถานที่ สถานะ
- ไม่พบข้อมูล -

รายการใกล้เคียง
    ผู้แต่ง [ฮอร์ชอร์, โรเจอร์]

    หัวเรื่อง [มิตรภาพ]

BibComment


ยังไม่เคยถูกคอมเมนท์

คอมเมนท์ทรัพยากรรายการนี้
  คอมเมนท์: ศิลปะการผูกมิตรพิ..


 Copyright 2026. Bcnsprnw @Library